| 000 | 00846nam a2200241Ia 4500 | ||
|---|---|---|---|
| 003 | OSt | ||
| 005 | 20220923223459.0 | ||
| 006 | a|||||r|||| 00| 0 | ||
| 007 | ta | ||
| 008 | 220922b |||||||| |||| 00| 0 hin d | ||
| 024 | _a217,520 | ||
| 037 | _cTextual | ||
| 040 |
_aARTS _cARTS _bhin |
||
| 041 |
_2hin _ahin |
||
| 082 | _aY73(Q20j7), 152M7.3 | ||
| 100 | _aरामफल सिंह | ||
| 245 | 0 | _aहिन्दु मुस्लिम सांस्कृतिक एकता का इतिहास (उतर मुग़ल काल) | |
| 246 | _aHindu muslim sāanskṛutik ekatā kā itihās (utar muग़l kāla) | ||
| 260 |
_aदिल्ली _b राज _c1992 |
||
| 300 |
_a320i` _ccm. |
||
| 942 |
_hY73(Q20j7), 152M7.3 _cTEXL _2CC |
||
| 999 |
_c365622 _d365622 |
||